01069nabaa22002177a 4500999001500000003000400015005001700019008004100036040000700077100002900084245015000113300001500263500003600278505022000314505008900534650003200623650004200655650002200697773011900719942001300838 c6290d6290OSt20260129004420.0190701b xxu||||| |||| 00| 0 spa d cPJ 96981aCapponi, Agustina 13a La estabilidad fiscal como un derecho adquirido asimilable a la propiedad en el RIGI. Análisis basado en sus antecedentes /cAgustina Capponi. ap. 158-168 aCita: TR LALEY AR/DOC/441/2025  aSumario: I. Introducción.— II. Estabilidad fiscal: concepto, alcances y problemáticas.— III. Antecedentes legislativos.— IV. Fallos destacados.— V. La estabilidad fiscal en el RIGI.— VI. Conclusión.  t¿Te interesa el texto completo? Comunicate al correo: koha@justierradelfuego.gov.ar 09211aDERECHO ADMINISTRATIVO 09200aDECRETOS DE NECESIDAD Y URGENCIA 096430aINVERSIONES0 0284293251dBuenos Aires : AbeledoPerrot, 2012-oDA121tDerecho administrativo. Nº 158 marzo/abril 2025z18510590 2udccANA